Liberation in Southern Africa - regional and swedish viices (Record no. 1007505)

MARC details
000 -LEADER
fixed length control field 00893nam a2200253Ia 4500
003 - CONTROL NUMBER IDENTIFIER
control field OSt
005 - DATE AND TIME OF LATEST TRANSACTION
control field 20221005101903.0
008 - FIXED-LENGTH DATA ELEMENTS--GENERAL INFORMATION
fixed length control field 221004b |||||||| |||| 00| 0 eng d
020 ## - INTERNATIONAL STANDARD BOOK NUMBER
International Standard Book Number 9171064389 (hbk)
037 ## - SOURCE OF ACQUISITION
Terms of availability Textual
040 ## - CATALOGING SOURCE
Original cataloging agency CRL
Transcribing agency CRL
Language of cataloging eng
041 ## - LANGUAGE CODE
Source of code eng
Language code of text/sound track or separate title eng
100 ## - MAIN ENTRY--PERSONAL NAME
Personal name Sellstrom Tor Ed.
9 (RLIN) 622680
245 #0 - TITLE STATEMENT
Title Liberation in Southern Africa - regional and swedish viices
Remainder of title interviews from Angola, Mozambique, Namibia, South Africa, Zimbabwe, the Frontline and Sweden
260 ## - PUBLICATION, DISTRIBUTION, ETC.
Place of publication, distribution, etc. Uppsala
Name of publisher, distributor, etc. Nordiska Afrikainstitutet USA
Date of publication, distribution, etc. 1999
300 ## - PHYSICAL DESCRIPTION
Extent 365p.
Dimensions cm.
650 ## - SUBJECT ADDED ENTRY--TOPICAL TERM
Topical term or geographic name entry element HISTORY
942 ## - ADDED ENTRY ELEMENTS (KOHA)
Classification part V63:51, N9
Koha item type Textual
Source of classification or shelving scheme
Holdings
Withdrawn status Lost status Damaged status Not for loan Home library Current library Date acquired Source of acquisition Cost, normal purchase price Total Checkouts Full call number Barcode Date last seen Cost, replacement price Price effective from Koha item type
        Central Library Central Library 2022-10-05 160, 28/12/2007, Prachi Book Distributors 3781.80   V63:51 N9 CL1182235 2022-10-05 3781.80 2022-10-05 Textual
Copyright @ Delhi University Library System